00839pam a2200241 a 45000010005000000030008000050050017000130080041000300200015000710350019000860400034001050410008001390820016001471000027001632450135001902500014003252600052003393000046003915040051004376500037004886510044005257000028005695329BD-RjUL20211208234040.0131224s1966 njua b 001 0 eng d a013301276X a(BD-RjUL) 5365 aDLCcDLCdDLCd(BD-RjUL)beng aeng00a320.4732201 aBurns, James Macgregor00aGovernment by the people :cJames MacGregor Burns ... [et al.].bThe Dynamiccs of American National State, and Local Governmrnt / a16th ed., aEnglewood Cliffs, N.J. :bPrentice Hall,cc1966 axv, 943 p. :bill. (some col.) ;c28 cm. aIncludes bibliographical references and index. 0aLocal governmentzUnited States. 0aUnited StatesxPolitics and government.1 aPeltasson, Jack Walter.